[Event "World Blitz 2023"]
[Site "Samarkand UZB"]
[Date "2023.12.30"]
[Round "19.45"]
[White "Zverev, Lev"]
[Black "Gareyev, Timur"]
[Result "0-1"]
[WhiteElo "2299"]
[BlackElo "2569"]
[EventDate "2023.12.29"]

1. e4 e5 2. Nf3 Nc6 3. Bc4 Nf6 4. d3 h6 5. O-O a6 6. c3 g5 7. d4 d6 8. Be3
Bg4 9. Nbd2 Bg7 10. Re1 O-O 11. Be2 Qe7 12. h3 Bd7 13. dxe5 dxe5 14. Nh2
Rad8 15. Qc2 Be6 16. Nhf1 Nd4 17. cxd4 exd4 18. Bc4 dxe3 19. Nxe3 Qc5 20.
Rac1 Bxc4 21. Ndxc4 b5 22. Na5 Qxc2 23. Rxc2 Nxe4 24. Nf5 Rd2 25. Rxd2 Nxd2
26. Re2 Rd8 27. Nb7 Rd3 28. Nc5 Rd8 29. Nb7 Rb8 30. Nc5 Nc4 31. Nxa6 Ra8
32. Nxc7 Rxa2 33. Re8+ Kh7 34. Nxg7 Kxg7 35. Nxb5 Rxb2 36. Nd4 h5 37. g3
Rd2 38. Nf3 Rd5 39. Re7 Kg6 40. Rc7 Nb2 41. Rc3 Nd1 42. Rb3 f6 43. Kg2 Rc5
44. Rd3 Nb2 45. Rd2 Nc4 46. Rd4 Rc6 47. h4 g4 48. Ne1 Ne5 49. Rd2 Rc3 50.
Re2 Nf3 51. Kf1 Rc1 52. Re6 Kf7 53. Re3 f5 54. Re2 Kf6 55. Re8 f4 56. gxf4
Kf5 57. Rf8+ Ke4 58. Re8+ Kxf4 59. Re7 Kf5 60. Re8 Kf6 61. Re3 Nxh4 62. Ke2
Rxe1+ 63. Kxe1 Ng2+ 64. Ke2 Nxe3 65. Kxe3 Kf5 66. Ke2 Kf4 67. Kf1 Kf3 68.
Kg1 h4 69. Kf1 h3 70. Kg1 Ke2 71. Kh1 Kxf2 72. Kh2 g3+ 73. Kxh3 g2 74. Kh4
g1=Q 75. Kh5 Qg7 76. Kh4 Kf3 77. Kh5 Kf4 0-1

[Event "World Blitz 2023"]
[Site "Samarkand UZB"]
[Date "2023.12.30"]
[Round "19.46"]
[White "Pichot, Alan"]
[Black "Gaehwiler, Gabriel"]
[Result "0-1"]
[WhiteElo "2592"]
[BlackElo "2448"]
[EventDate "2023.12.29"]

1. e4 e5 2. Nf3 Nf6 3. Nc3 Nc6 4. Bb5 Bd6 5. d3 a6 6. Bxc6 dxc6 7. h3 h6 8.
b3 Be6 9. Bb2 Qe7 10. Ne2 Nd7 11. Nd2 O-O-O 12. O-O g5 13. Ng3 g4 14. hxg4
Qh4 15. Nf5 Bxf5 16. gxf5 Rdg8 17. Qf3 Bc5 18. d4 exd4 19. g3 Ne5 20. Qg2
Qg4 21. b4 Ba7 22. f3 Qxg3 23. Qxg3 Rxg3+ 24. Kf2 Rhg8 25. Ke1 h5 26. f4
Ng4 27. Ke2 Ne3 28. Rh1 Nxc2 29. Raf1 d3+ 30. Kd1 Ne3+ 31. Ke1 Nxf1 32.
Nxf1 Rg2 33. Bc3 Rxa2 34. Rxh5 Re2+ 35. Kd1 Rg1 0-1

[Event "World Blitz 2023"]
[Site "Samarkand UZB"]
[Date "2023.12.30"]
[Round "19.47"]
[White "Brunello, Sabino"]
[Black "Begmuratov, Khumoyun"]
[Result "1-0"]
[WhiteElo "2573"]
[BlackElo "2276"]
[EventDate "2023.12.29"]

1. c4 Nf6 2. g3 e5 3. Bg2 d5 4. cxd5 Nxd5 5. Nc3 Nb6 6. Nf3 Nc6 7. O-O Be7
8. d3 O-O 9. Be3 Be6 10. Rc1 f6 11. a3 a5 12. Nd2 Rb8 13. Na4 Nxa4 14. Qxa4
Bd5 15. Qb5 Bxg2 16. Kxg2 Qd7 17. Nc4 Ra8 18. Qxb7 Qd5+ 19. Kg1 Rab8 20.
Nb6 cxb6 21. Qxc6 Qb3 1-0

[Event "World Blitz 2023"]
[Site "Samarkand UZB"]
[Date "2023.12.30"]
[Round "19.48"]
[White "Ansat, Aldiyar"]
[Black "Najer, Evgeniy"]
[Result "0-1"]
[WhiteElo "2404"]
[BlackElo "2545"]
[EventDate "2023.12.29"]

1. e4 e6 2. d4 d5 3. Nc3 Nf6 4. Bg5 h6 5. Bxf6 Qxf6 6. exd5 Bb4 7. dxe6
Bxe6 8. Nf3 O-O 9. Be2 c5 10. a3 Bxc3+ 11. bxc3 Nc6 12. O-O Rfd8 13. Qb1
Rab8 14. dxc5 Qxc3 15. Bd3 Bd5 16. Nh4 Qxc5 17. Qb2 Qd4 18. Qxd4 Nxd4 19.
Nf5 Nxf5 20. Bxf5 Bc6 21. Rad1 g6 22. Rxd8+ Rxd8 23. Bd3 Rd4 24. Rb1 Kf8
25. f3 Ke7 26. Kf2 Kd6 27. Ke3 Rh4 28. h3 Ra4 29. Rb3 h5 30. Be4 Bxe4 31.
fxe4 b6 32. g4 hxg4 33. hxg4 Ke5 34. Rb5+ Ke6 35. Rb3 Rc4 36. Kd3 Rc5 37.
Rb1 Ke5 38. c3 f6 39. Rh1 Kf4 40. Rf1+ Kg5 41. Kd4 Ra5 42. Ra1 Kxg4 43.
Rg1+ Kh5 44. Rh1+ Kg5 45. Rg1+ Kh6 46. Ra1 g5 47. c4 g4 48. Rh1+ Kg5 49.
Rh8 g3 50. Rg8+ Kf4 51. Rg6 f5 52. Rf6 g2 53. Rg6 Kf3 54. e5 Rxa3 55. e6
Ra1 56. e7 Re1 57. Rg7 f4 58. Kd5 Rxe7 59. Rxe7 g1=Q 0-1

[Event "World Blitz 2023"]
[Site "Samarkand UZB"]
[Date "2023.12.30"]
[Round "19.49"]
[White "Van Foreest, Lucas"]
[Black "Rakhmatullaev, Almas"]
[Result "1-0"]
[WhiteElo "2519"]
[BlackElo "2218"]
[EventDate "2023.12.29"]

1. e4 e5 2. Nf3 Nf6 3. Nc3 Nc6 4. a4 a6 5. d4 Bb4 6. Nxe5 Qe7 7. Nxc6 Qxe4+
8. Be2 Qxc6 9. O-O O-O 10. d5 Qd6 11. Bf3 c6 12. Ne4 Nxe4 13. Bxe4 f5 14.
Bf3 Qf6 15. c3 Bd6 16. Be3 Be5 17. Qb3 Kh8 18. Rad1 b5 19. Rfe1 Bb7 20. Bc5
Rfe8 21. h3 Qh4 22. Re3 cxd5 23. Rde1 Qf6 24. Bxd5 f4 25. Re4 Bc6 26. Bxc6
dxc6 27. Bd4 f3 28. Bxe5 Rxe5 29. Rxe5 Qg6 30. g3 1-0

[Event "World Blitz 2023"]
[Site "Samarkand UZB"]
[Date "2023.12.30"]
[Round "19.50"]
[White "Saydaliev, Saidakbar"]
[Black "Savchenko, Boris"]
[Result "1-0"]
[WhiteElo "2323"]
[BlackElo "2513"]
[EventDate "2023.12.29"]

1. e4 d5 2. exd5 Qxd5 3. Nc3 Qa5 4. Bc4 Nf6 5. Nge2 Nc6 6. a3 Bf5 7. d4
O-O-O 8. O-O e5 9. d5 Nb4 10. Bg5 Nxc2 11. Rc1 Qc5 12. Bd3 Nd4 13. Bxf6
gxf6 14. Bxf5+ Nxf5 15. Qa4 Kb8 16. Nb5 Qb6 17. Nxc7 a6 18. Rc3 Bc5 19.
Nxa6+ Qxa6 20. Qxa6 bxa6 21. Rxc5 Rc8 22. b4 Rhd8 23. Rfc1 Rxc5 24. Rxc5
Kb7 25. Kf1 h5 26. g3 h4 27. Nc3 Nd6 28. gxh4 Nf5 29. Ne4 Nxh4 30. Nxf6 Nf3
31. Ke2 Nd4+ 32. Kd3 Nb5 33. Ke4 Rh8 34. a4 Nd4 35. d6 Ne6 36. Rc2 Rxh2 37.
d7 Rh4+ 38. Kxe5 Rxb4 39. f4 Rb1 40. f5 Nd8 41. Rc8 Re1+ 42. Kf4 1-0

[Event "World Blitz 2023"]
[Site "Samarkand UZB"]
[Date "2023.12.30"]
[Round "19.51"]
[White "Bologan, Victor"]
[Black "Amar, Elham"]
[Result "1/2-1/2"]
[WhiteElo "2489"]
[BlackElo "2470"]
[EventDate "2023.12.29"]

1. e4 c6 2. d4 d5 3. e5 c5 4. dxc5 e6 5. Bd3 Nd7 6. Nf3 Bxc5 7. O-O f6 8.
Bf4 fxe5 9. Nxe5 Ngf6 10. Nd2 O-O 11. Nb3 Bb6 12. Qe2 Ne4 13. Nxd7 Bxd7 14.
Be3 Nf6 15. f4 Ng4 16. Bxb6 Qxb6+ 17. Kh1 e5 18. f5 Ne3 19. Rf3 d4 20. c3
Rae8 21. Be4 Bc6 22. Bxc6 bxc6 23. cxd4 exd4 24. Rc1 Qb4 25. h3 Ng4 26. Qd2
Qxd2 27. Nxd2 Ne5 28. Rff1 g6 29. fxg6 hxg6 30. b3 Rxf1+ 31. Rxf1 Nd3 32.
Rf6 Re1+ 33. Kh2 c5 34. Rxg6+ Kf7 35. Ra6 Re2 36. Nf3 Nf4 37. Rxa7+ Kf8 38.
Nh4 Ke8 39. Ra6 Kd7 40. Ra7+ Kc6 41. Kg3 d3 42. Nf3 Nd5 43. Ra6+ Kc7 44.
Ra5 Kb6 45. Ra8 d2 46. Nxd2 Rxd2 47. h4 Ne3 48. Kf3 Nxg2 49. h5 Ne1+ 50.
Ke4 Rh2 51. Rh8 Nc2 52. h6 Nd4 53. h7 Nc6 54. a4 Rh5 55. Kf4 Kb7 56. Kg4
Rh1 57. Kg5 Nd4 58. Kf6 Nxb3 59. Kg7 Rg1+ 60. Kf6 Rh1 61. Kg7 c4 62. Rf8
Rg1+ 63. Kf6 Rf1+ 64. Ke7 Rh1 65. h8=Q Rxh8 66. Rxh8 Kb6 67. Kd6 Ka5 68.
Kd5 Kxa4 69. Kxc4 Na5+ 70. Kc5 Nb3+ 71. Kc4 Na5+ 72. Kd4 Kb5 73. Rh6 Nc6+
74. Kd5 Nb4+ 75. Kd6 Kc4 76. Rh4+ Kc3 77. Kc5 Nd3+ 78. Kb5 Ne5 79. Re4 Nd3
80. Kc6 Nf2 81. Rh4 Kd3 82. Kd5 Ke3 83. Rd4 Nd3 84. Re4+ Kf3 85. Kd4 Nf4
86. Re3+ Kf2 87. Ke4 Ng2 88. Ra3 Ne1 89. Ra2+ Kg3 90. Ra8 Kf2 91. Rh8 Ng2
92. Rf8+ Ke2 93. Rg8 Kf2 94. Rg7 Ne1 95. Ra7 Ng2 96. Ra3 Ne1 97. Ra2+ Kg3
98. Re2 Ng2 1/2-1/2

[Event "World Blitz 2023"]
[Site "Samarkand UZB"]
[Date "2023.12.30"]
[Round "19.52"]
[White "Fayzullaev, Akmal"]
[Black "Ganguly, Surya Shekhar"]
[Result "0-1"]
[WhiteElo "2342"]
[BlackElo "2549"]
[EventDate "2023.12.29"]

1. e4 e6 2. d4 d5 3. Nd2 c5 4. Ngf3 cxd4 5. Nxd4 Nc6 6. Bb5 Bd7 7. Nxc6
bxc6 8. Bd3 Qc7 9. Qe2 Bd6 10. c4 Ne7 11. Nf3 dxe4 12. Bxe4 O-O 13. O-O Ng6
14. g3 Rad8 15. Bg5 f6 16. Be3 c5 17. Rad1 f5 18. Bc2 Bc6 19. Ng5 Rfe8 20.
Nxh7 Ba8 21. Qh5 Qb7 22. f3 Nf8 23. Ng5 g6 24. Qh6 Be5 25. Rxd8 Rxd8 26.
Bxc5 Bg7 27. Qh4 Rd2 28. Bb3 Qd7 29. Be3 Re2 30. Bc5 Qd2 31. Rf2 Rxf2 32.
Bxf2 Bf6 33. c5 Bxg5 34. Qd4 Bxf3 35. Qxd2 Bxd2 36. Ba4 Ba5 37. c6 a6 38.
a3 e5 39. b4 Bc7 40. Ba7 Kf7 41. Kf2 Bd5 42. Ke3 Ne6 43. b5 axb5 44. Bxb5
Nd8 45. a4 Bxc6 46. Bc5 Bxb5 47. axb5 Nb7 48. b6 Bd8 0-1

[Event "World Blitz 2023"]
[Site "Samarkand UZB"]
[Date "2023.12.30"]
[Round "19.53"]
[White "Kazhgaleyev, Murtas"]
[Black "Sattarov, Bobir"]
[Result "1-0"]
[WhiteElo "2488"]
[BlackElo "2351"]
[EventDate "2023.12.29"]

1. d4 g6 2. c4 Bg7 3. e4 c5 4. d5 d6 5. Bd3 e6 6. Nc3 exd5 7. cxd5 Ne7 8.
h4 h6 9. Nge2 a6 10. a4 Nd7 11. Ng3 h5 12. Bg5 Qc7 13. O-O Ne5 14. Rc1 O-O
15. Be2 f6 16. Be3 f5 17. f4 Nf7 18. Qd2 fxe4 19. Ncxe4 Nf5 20. Nxf5 Bxf5
21. Ng3 Nh6 22. b4 b6 23. a5 Qe7 24. Bf2 cxb4 25. axb6 Bc3 26. Rxc3 bxc3
27. Qxc3 a5 28. Bb5 Ng4 29. Nxf5 Rxf5 30. Bc6 Raf8 31. g3 g5 32. hxg5 h4
33. b7 Qe2 34. Bd7 h3 35. Qe1 Qf3 36. Qe6+ Kh7 37. Qxf5+ Rxf5 38. Bxf5+ Kg8
39. b8=Q+ Kf7 40. Qc7+ Kf8 41. Qd8+ Kf7 42. g6+ 1-0

[Event "World Blitz 2023"]
[Site "Samarkand UZB"]
[Date "2023.12.30"]
[Round "19.54"]
[White "Kakabayev, Mergen"]
[Black "Vetokhin, Savva"]
[Result "0-1"]
[WhiteElo "2255"]
[BlackElo "2483"]
[EventDate "2023.12.29"]

1. e4 c5 2. Nf3 d6 3. d4 cxd4 4. Nxd4 Nf6 5. Nc3 Nc6 6. f3 e5 7. Nb3 Be7 8.
Be3 O-O 9. Qd2 a5 10. Bb5 Na7 11. a4 Be6 12. Nd5 Bxd5 13. exd5 Nxb5 14.
axb5 a4 15. Nc1 e4 16. O-O Qd7 17. c4 Rfe8 18. Ne2 exf3 19. Rxf3 Ng4 20.
Bd4 Bf6 21. Bxf6 Nxf6 22. Nc3 Ne4 23. Nxe4 Rxe4 24. Qc2 Qe7 25. Raf1 f6 26.
Ra3 Re2 27. Qf5 Rxb2 28. h4 Rb3 29. Raa1 Re3 30. h5 Re5 31. Qh3 h6 32. Ra3
Qf7 33. Qg3 Qxh5 34. Rfa1 Qe2 35. Qd3 Qxd3 36. Rxd3 b6 37. Rda3 Rc8 38.
Rxa4 Re4 39. Ra6 Rcxc4 40. Rxb6 Rc2 41. Rb8+ Kh7 42. b6 Rg4 43. b7 Rcxg2+
44. Kh1 Rb2 45. Rc1 Rd4 46. Rd8 Rxb7 47. Rxd6 Rb5 48. Ra6 Rbxd5 49. Kg2 h5
50. Kf3 Rf5+ 51. Ke3 Rg4 52. Rc8 h4 53. Raa8 Rh5 54. Kf3 Rg3+ 55. Kf2 Rgg5
56. Rc1 h3 57. Rh1 h2 58. Kf3 Rg1 0-1

[Event "World Blitz 2023"]
[Site "Samarkand UZB"]
[Date "2023.12.30"]
[Round "19.55"]
[White "Nasuta, Grzegorz"]
[Black "Seemann, Jakub"]
[Result "1/2-1/2"]
[WhiteElo "2467"]
[BlackElo "2332"]
[EventDate "2023.12.29"]

1. e4 c5 2. Nf3 d6 3. d4 cxd4 4. Nxd4 Nf6 5. Nc3 a6 6. Be3 e5 7. Nb3 Be7 8.
f3 Be6 9. Qd2 O-O 10. O-O-O Nbd7 11. g4 b5 12. g5 b4 13. Ne2 Nh5 14. Ng3 a5
15. Nxh5 a4 16. Nd4 exd4 17. Bxd4 b3 18. cxb3 axb3 19. a3 Bxg5 20. f4 Rc8+
21. Bc3 Bg4 22. Rg1 Ne5 23. Rxg4 Nxg4 24. fxg5 Rc5 25. h4 Qe7 26. Qd4 Qe5
27. Kb1 Qxd4 28. Bxd4 Rc2 29. Nxg7 Nf2 30. Re1 Rfc8 31. Nf5 R8c7 32. Bb6
Rb7 33. Bd4 Rbc7 34. Bc3 Ng4 35. Bd3 Rh2 36. Be2 Ne5 37. Nxd6 Ng6 38. Nf5
Nf4 39. Bb5 Rc5 40. Ba4 Nd3 41. Rd1 Rxc3 1/2-1/2

[Event "World Blitz 2023"]
[Site "Samarkand UZB"]
[Date "2023.12.30"]
[Round "19.56"]
[White "Rojas Salas, Steven"]
[Black "Gharibyan, Mamikon"]
[Result "1-0"]
[WhiteElo "2210"]
[BlackElo "2444"]
[EventDate "2023.12.29"]

1. d4 Nf6 2. c4 e6 3. Nc3 d5 4. Nf3 Bb4 5. cxd5 exd5 6. Bg5 h6 7. Bxf6 Qxf6
8. Qa4+ Nc6 9. e3 O-O 10. Bb5 Bg4 11. Nd2 Bxc3 12. bxc3 Ne7 13. Qb3 Qg6 14.
f3 Be6 15. Kf2 c5 16. Rac1 Rac8 17. h4 h5 18. Qa3 Nf5 19. Nf1 cxd4 20. exd4
Qh6 21. Re1 Qf6 22. Bd3 Nxh4 23. Ng3 g6 24. Re5 Rfe8 25. Qc1 Bg4 26. Qe3
Re6 27. Kg1 Bxf3 28. Rxe6 fxe6 29. gxf3 Nxf3+ 30. Kg2 Nh4+ 31. Rxh4 Rxc3
32. Rf4 Qe7 33. Qf3 Kg7 34. Qe2 h4 35. Nf1 Qg5+ 36. Kf3 Qh5+ 37. Rg4 h3 38.
Ng3 Qh8 39. Rxg6+ Kf8 40. Rxe6 Qxd4 41. Re8+ Kg7 42. Qe7+ Kh6 43. Qh7+ Kg5
44. Qg6+ Kh4 45. Qh5# 1-0

[Event "World Blitz 2023"]
[Site "Samarkand UZB"]
[Date "2023.12.30"]
[Round "19.57"]
[White "Galchenko, Matvey"]
[Black "Suleymenov, Alisher"]
[Result "1/2-1/2"]
[WhiteElo "2424"]
[BlackElo "2326"]
[EventDate "2023.12.29"]

1. e4 c5 2. c3 Nf6 3. e5 Nd5 4. Nf3 Nc6 5. Bc4 Nb6 6. Bb3 c4 7. Bc2 g6 8.
Qe2 d6 9. exd6 Qxd6 10. Na3 Qe6 11. Be4 f5 12. Bxc6+ bxc6 13. Nd4 Qxe2+ 14.
Kxe2 Bg7 15. f3 Bd7 16. Ndc2 e5 17. b3 Be6 18. Rb1 O-O-O 19. Ne3 cxb3 20.
axb3 f4 21. Nec4 Bf5 22. Ra1 e4 23. Kf2 exf3 24. gxf3 Bd3 25. Nxb6+ axb6
26. Nc4 Rhe8 27. Ra8+ Kc7 28. Ra7+ Kb8 29. Rxg7 Re2+ 30. Kg1 Rde8 31. Ba3
Bxc4 32. Bd6+ Ka8 33. bxc4 Rxd2 34. Kf1 Rxd6 35. Kg2 Kb8 36. c5 Rd2+ 37.
Kh3 Rd3 38. Kg4 Rxc3 39. cxb6 Rb3 40. Rd1 Rxb6 41. Rxh7 c5 42. Kxf4 c4 43.
Rc1 Rc8 44. Rc3 Rb3 45. Rc2 c3 46. Ke3 Rb2 47. Kd3 Rb6 48. Rxc3 Rd6+ 49.
Kc2 Rxc3+ 50. Kxc3 Rf6 51. Rh3 Kc7 52. Kd4 Kd6 53. Ke4 Ke6 54. Rh7 Rf5 55.
Rg7 Kf6 56. Rh7 Ra5 57. Kf4 Ra4+ 58. Kg3 Kf5 59. Rf7+ Kg5 60. h4+ Kh6 61.
Rb7 Rc4 62. Re7 Ra4 63. Re4 Ra5 64. Kg4 Rb5 65. Re6 Rb4+ 66. f4 Rb5 67. Rf6
Ra5 68. Re6 Rb5 69. Re5 Rb4 70. Re8 Rb5 71. Re5 Rb4 72. h5 gxh5+ 73. Kf5 h4
74. Re8 Rb6 75. Rh8+ Kg7 76. Rxh4 Rf6+ 77. Kg5 Rg6+ 78. Kf5 Rf6+ 79. Ke5
Ra6 80. Rg4+ Kf7 81. Rg1 Ra5+ 82. Ke4 Ra4+ 83. Kf5 Ra5+ 84. Kg4 Rb5 85. f5
Kf6 86. Rd1 Rb4+ 87. Kf3 Kxf5 1/2-1/2

[Event "World Blitz 2023"]
[Site "Samarkand UZB"]
[Date "2023.12.30"]
[Round "19.58"]
[White "O`gorman, Tom"]
[Black "Gorovets, Andrey"]
[Result "0-1"]
[WhiteElo "2288"]
[BlackElo "2418"]
[EventDate "2023.12.29"]

1. e4 c5 2. Nf3 Nc6 3. Nc3 Nf6 4. g3 g6 5. Bg2 Bg7 6. O-O O-O 7. d3 d6 8.
Re1 Bg4 9. h3 Bxf3 10. Bxf3 Rb8 11. a4 a6 12. Bg2 Nd7 13. Ne2 e6 14. c3 b5
15. axb5 axb5 16. Bf4 Nde5 17. d4 cxd4 18. cxd4 Nc4 19. b3 N4a5 20. Rc1 e5
21. dxe5 dxe5 22. Be3 Nd4 23. Nxd4 exd4 24. Bf4 Rc8 25. Rxc8 Qxc8 26. e5
Rd8 27. h4 d3 28. e6 fxe6 29. Bh3 Qc2 30. Bxe6+ Kh8 31. Qxc2 dxc2 32. Rc1
Rd1+ 33. Kg2 Rxc1 34. Bxc1 Nc6 35. Bd5 Nb4 36. Be4 Na2 37. Bxc2 Nxc1 38.
Kf3 Na2 39. Ke4 0-1

[Event "World Blitz 2023"]
[Site "Samarkand UZB"]
[Date "2023.12.30"]
[Round "19.59"]
[White "Urazayev, Arystanbek"]
[Black "Drazic, Sinisa"]
[Result "1-0"]
[WhiteElo "2408"]
[BlackElo "2276"]
[EventDate "2023.12.29"]

1. e4 c5 2. Nf3 h6 3. c3 e6 4. d4 d5 5. exd5 exd5 6. Bb5+ Bd7 7. Bxd7+ Nxd7
8. O-O Ngf6 9. Re1+ Be7 10. Qe2 a6 11. Bf4 Ne4 12. Nfd2 Nxd2 13. Bc7 Ne4
14. Bxd8 Kxd8 15. f3 Bh4 16. fxe4 Bxe1 17. Qxe1 Re8 18. e5 Ke7 19. Nd2 Kf8
20. Qf2 Kg8 21. Rf1 Re7 22. Qf3 cxd4 23. cxd4 Nb6 24. Nb3 Rd8 25. Nc5 Nc4
26. Qf2 a5 27. b3 Nb6 28. Qd2 Ra8 29. Rc1 Nc8 30. Nd3 Rd7 31. Nf4 Ne7 32.
e6 fxe6 33. Nxe6 Nc6 34. Nc5 Re7 35. Nxb7 Rxb7 36. Rxc6 Re8 37. h3 a4 38.
bxa4 Rb1+ 39. Kh2 Rbe1 40. Rc2 R1e3 41. Qa5 R3e6 42. Qxd5 Kh8 43. a5 1-0

[Event "World Blitz 2023"]
[Site "Samarkand UZB"]
[Date "2023.12.30"]
[Round "19.60"]
[White "Mustafaev, Jamshid"]
[Black "Gallego Alcaraz, Andres Felipe"]
[Result "1/2-1/2"]
[WhiteElo "2323"]
[BlackElo "2384"]
[EventDate "2023.12.29"]

1. e4 c5 2. Nf3 Nc6 3. d3 g6 4. g3 Bg7 5. Bg2 d6 6. O-O e5 7. Nc3 Nge7 8.
Bg5 h6 9. Bxe7 Nxe7 10. Nd2 h5 11. a4 Be6 12. Nd5 Nxd5 13. exd5 Bd7 14. Nc4
Qc7 15. c3 O-O 16. Qb3 Rae8 17. Rae1 Kh7 18. Qd1 f5 19. f4 exf4 20. gxf4
Bh6 21. a5 b5 22. axb6 axb6 23. Qf3 b5 24. Nd2 Qd8 25. Nb3 Qf6 26. Na5 Rxe1
27. Rxe1 Re8 28. Rf1 Qe7 29. Nc6 Qe2 30. Qxe2 Rxe2 31. Ra1 Bg7 32. Ra7 Be8
33. Nd8 Kg8 34. Ne6 Bf6 35. Ra8 Kf7 36. Ra7+ Be7 37. Ng5+ Kf6 38. Nh7+ Kg7
39. Ng5 Bf7 40. Kf1 Bxg5 41. Kxe2 Bxf4 42. h3 1/2-1/2

[Event "World Blitz 2023"]
[Site "Samarkand UZB"]
[Date "2023.12.30"]
[Round "19.61"]
[White "Chinguun, Sumiya"]
[Black "Vescovi, Giovanni"]
[Result "1-0"]
[WhiteElo "2200"]
[BlackElo "2593"]
[EventDate "2023.12.29"]

1. e4 c5 2. Nc3 e6 3. Nf3 a6 4. d4 cxd4 5. Nxd4 g6 6. g3 Bg7 7. Bg2 Ne7 8.
Be3 O-O 9. O-O Nbc6 10. Kh1 b5 11. f4 Bb7 12. Nxc6 Bxc6 13. Bd4 f6 14. Bc5
Rf7 15. Bd6 Nc8 16. Bc5 Qc7 17. Qd2 d6 18. Be3 f5 19. Rad1 b4 20. Ne2 Bxe4
21. Bxe4 fxe4 22. Qxb4 d5 23. Bd4 Qxc2 24. Bxg7 Kxg7 25. Nd4 Qc4 26. Nxe6+
Kf6 27. Qxc4 dxc4 28. Nc5 Re7 29. Rfe1 e3 30. Nd7+ Kf5 31. Ne5 g5 32. Rxe3
gxf4 33. gxf4 Nb6 34. Rf3 Re6 35. Rf2 Rc8 36. Nf3 Re4 37. Rd6 Na4 38. Nd4+
Kg4 39. Rd5 h6 40. Kg2 Rg8 41. h3+ Kh4+ 42. Kh2 Rg3 43. Nf5+ 1-0

[Event "World Blitz 2023"]
[Site "Samarkand UZB"]
[Date "2023.12.30"]
[Round "19.62"]
[White "Averin, Nikolay"]
[Black "Kobalia, Mikhail"]
[Result "0-1"]
[WhiteElo "2283"]
[BlackElo "2558"]
[EventDate "2023.12.29"]

1. e4 c5 2. Nf3 e6 3. d4 cxd4 4. Nxd4 Nc6 5. Nc3 a6 6. Be3 Nf6 7. a3 d6 8.
Be2 Bd7 9. g4 Nxd4 10. Qxd4 Bc6 11. g5 Nd7 12. O-O-O Qc7 13. h4 Nc5 14. f3
Rc8 15. h5 e5 16. Qd2 b5 17. h6 g6 18. Kb1 Be7 19. b4 Ne6 20. Nd5 Bxd5 21.
exd5 Nxg5 22. c4 bxc4 23. Rc1 c3 24. Qd3 O-O 25. Bd2 Qd7 26. Rxc3 Rxc3 27.
Bxc3 Nh3 28. Qxa6 Nf4 29. Bb5 Qf5+ 30. Kb2 Nxd5 31. Bc6 Nxc3 32. Kxc3 e4
33. Bxe4 Qe5+ 34. Kb3 Bf6 35. Qd3 Rc8 36. Ka4 Rc7 37. Rd1 Ra7+ 38. Kb3 Qb2+
39. Kc4 Be5 40. f4 Rxa3 41. Qd5 Qe2+ 42. Rd3 Rxd3 43. Bxd3 Qa2+ 0-1

[Event "World Blitz 2023"]
[Site "Samarkand UZB"]
[Date "2023.12.30"]
[Round "19.63"]
[White "Leiva, Gianmarco"]
[Black "Markov, Mikhail"]
[Result "0-1"]
[WhiteElo "2338"]
[BlackElo "2255"]
[EventDate "2023.12.29"]

1. d4 Nf6 2. Nf3 e6 3. Bf4 d5 4. e3 c5 5. c3 Bd6 6. Nbd2 O-O 7. Bg3 Qc7 8.
dxc5 Qxc5 9. Bd3 b6 10. Qe2 a5 11. e4 Be7 12. e5 Nfd7 13. h4 Ba6 14. Bxh7+
Kxh7 15. Ng5+ Kg6 16. Qg4 f5 17. exf6 Nxf6 18. Qxe6 Qc8 19. Qe3 Bc5 20. Qf3
Re8+ 21. Kd1 Be2+ 22. Qxe2 Rxe2 23. Kxe2 Qg4+ 24. Ndf3 Nc6 25. h5+ Nxh5 26.
Rh4 Nxg3+ 27. fxg3 Qxg3 28. Rf1 Qxg2+ 29. Ke1 Re8+ 0-1

[Event "World Blitz 2023"]
[Site "Samarkand UZB"]
[Date "2023.12.30"]
[Round "19.64"]
[White "Ilkhomi, Jaloliddin"]
[Black "Amilal, Munkhdalai"]
[Result "0-1"]
[WhiteElo "2054"]
[BlackElo "2293"]
[EventDate "2023.12.29"]

1. d4 Nf6 2. Nf3 e6 3. Bf4 b6 4. e3 Bb7 5. Nbd2 d6 6. h3 h6 7. a4 a5 8. Bd3
Nbd7 9. Qe2 Nd5 10. c3 Nxf4 11. exf4 Be7 12. Be4 Bxe4 13. Nxe4 d5 14. Ng3
O-O 15. O-O Bd6 16. Ne5 c5 17. Nh5 Bxe5 18. fxe5 Rc8 19. f4 g6 20. Qg4 Kh7
21. Ng3 cxd4 22. cxd4 Rc4 23. f5 gxf5 24. Nxf5 Qg5 25. Qxg5 hxg5 26. Nd6
Rxd4 27. Rxf7+ Rxf7 28. Nxf7 Kg6 29. Nd8 Kf5 30. Re1 Re4 31. Rf1+ Kxe5 32.
Nf7+ Kd4 33. Nxg5 Re2 34. Rf2 Re1+ 35. Kh2 Kc4 36. Rf7 Nc5 37. Rc7 e5 38.
Nf3 Re2 39. Rc6 e4 40. Ne5+ Kd4 41. Ng6 Rxb2 42. Nf4 e3 43. Kg3 Ne4+ 44.
Kg4 e2 45. Rc1 Ke3 46. h4 Nf2+ 47. Kg3 Nd3 48. Nxd3 Kxd3 49. h5 Kd2 50. Rh1
Rb3+ 51. Kf4 Rb4+ 52. Kf5 e1=Q 53. Rxe1 Kxe1 54. g4 d4 55. h6 d3 56. h7 d2
57. h8=Q d1=Q 58. Qh1+ Kd2 59. Qd5+ Kc1 60. Qb7 Qxg4+ 0-1

[Event "World Blitz 2023"]
[Site "Samarkand UZB"]
[Date "2023.12.30"]
[Round "19.65"]
[White "Sapenov, Daniyal"]
[Black "Vakhidov, Daler"]
[Result "1/2-1/2"]
[WhiteElo "2289"]
[BlackElo "2110"]
[EventDate "2023.12.29"]

1. e4 c5 2. Nf3 g6 3. d4 cxd4 4. Nxd4 Bg7 5. Nc3 Nc6 6. Be3 Nf6 7. Bc4 O-O
8. Bb3 d6 9. h3 Na5 10. O-O b6 11. Re1 Nxb3 12. Nxb3 Bb7 13. Bf4 Rc8 14.
Qd2 Rc4 15. f3 a6 16. Bh6 b5 17. Bxg7 Kxg7 18. Rad1 Qb6+ 19. Kh2 Rfc8 20.
Rc1 a5 21. Nd5 Bxd5 22. exd5 a4 23. Na5 R4c5 24. Rxe7 b4 25. Qe3 Qxa5 26.
Qe6 Rf8 27. Qxd6 Rxd5 28. Qf4 Rf5 29. Qd4 Qd8 30. Qxb4 Qb8+ 31. Qxb8 Rxb8
32. b3 axb3 33. cxb3 Nd5 34. Rd7 Ra8 35. a4 Nf4 36. Rb7 Rd8 37. Rc2 h5 38.
h4 Rd3 39. b4 Nd5 40. b5 Rb3 41. a5 Ne3 42. Re2 Nf1+ 43. Kg1 Rb1 44. Kf2
Nh2 45. Kg3 Nf1+ 46. Kf2 Nh2 47. Kg3 Nf1+ 1/2-1/2

[Event "World Blitz 2023"]
[Site "Samarkand UZB"]
[Date "2023.12.30"]
[Round "19.66"]
[White "Bakhrillaev, Bakhrom"]
[Black "Bryakin, Mikhail"]
[Result "1-0"]
[WhiteElo "1994"]
[BlackElo "2495"]
[EventDate "2023.12.29"]

1. d4 b5 2. e4 Bb7 3. Bd3 Nf6 4. Qe2 a6 5. Nf3 e6 6. a4 b4 7. O-O Be7 8. h3
h6 9. Nbd2 g5 10. Nc4 a5 11. Re1 Rg8 12. Nfe5 d6 13. Ng4 Nc6 14. Nxf6+ Bxf6
15. c3 Qe7 16. Bd2 Rh8 17. Rad1 h5 18. g3 g4 19. hxg4 hxg4 20. Qxg4 bxc3
21. bxc3 O-O-O 22. Rb1 Rdg8 23. Qf3 Bh4 24. Ne3 Nd8 25. Ng2 f5 26. Rxb7
Nxb7 27. exf5 Bg5 28. Rxe6 Qd8 29. Nf4 Bxf4 30. Bxf4 Qh4 31. Rg6 Qh2+ 32.
Kf1 Re8 33. Re6 Qh3+ 34. Qg2 Qg4 35. f3 Qg8 36. Qe2 Rh1+ 37. Kg2 Rxe6 38.
Qxe6+ Qxe6 39. fxe6 Re1 40. Be4 c6 41. e7 Kd7 42. e8=Q+ Kxe8 43. Bxc6+ 1-0

[Event "World Blitz 2023"]
[Site "Samarkand UZB"]
[Date "2023.12.30"]
[Round "19.67"]
[White "Tissir, Mohamed"]
[Black "Pingin, Artem"]
[Result "0-1"]
[WhiteElo "2458"]
[BlackElo "2358"]
[EventDate "2023.12.29"]

1. e4 c5 2. Nc3 Nc6 3. Bb5 Nd4 4. Bc4 a6 5. Nge2 b5 6. Bd5 Rb8 7. Nxd4 cxd4
8. Ne2 Nf6 9. d3 Nxd5 10. exd5 Bb7 11. Nxd4 Bxd5 12. O-O e6 13. Qh5 Bd6 14.
Re1 O-O 15. b3 Qf6 16. Be3 b4 17. Rad1 Rfc8 18. Re2 a5 19. Qg4 Qg6 20. Qh3
f5 21. f4 a4 22. Nf3 a3 23. Rf1 Bxf3 24. Rxf3 Qf6 25. g4 g6 26. gxf5 exf5
27. Qf1 Re8 28. Ba7 Rbc8 29. Rfe3 Rxe3 30. Bxe3 Re8 31. Bd2 Qd4+ 32. Kg2
Rc8 33. Qe1 Qd5+ 34. Kg3 Rxc2 35. Re8+ Kg7 36. Rd8 Qxd3+ 37. Be3 Bxf4+ 38.
Kxf4 Qe4+ 39. Kg3 Qg4# 0-1